[Event "Berkeley East Bay CC"]
[Site "Berkeley"]
[Date "2005.03.31"]
[Round "3"]
[White "Atalik, Suat"]
[Black "Yermolinsky, Alex"]
[Result "1/2-1/2"]
[WhiteElo "2560"]
[BlackElo "2570"]
[Annotator "Atalik,S"]
[PlyCount "65"]
[EventDate "2005.03.29"]
[EventType "tourn"]
[EventRounds "10"]
[EventCountry "USA"]
[EventCategory "9"]
[SourceTitle "CBM 107"]
[Source "ChessBase"]
[SourceDate "2005.08.01"]
[SourceVersion "1"]
[SourceVersionDate "2005.08.01"]
[SourceQuality "1"]

1. d4 g6 2. c4 Bg7 3. e4 c5 4. d5 {I have always considered myself fluent with
Benoni since I was extensively playing this opening with both colors since my
childhood.} d6 5. Nf3 e6 6. Nc3 exd5 7. cxd5 a6 {Probably the best move in the
position trying to have the best of transpositions into benoni type of set ups.
} (7... Ne7 8. Bf4 O-O 9. Qd2 Bg4 10. Be2 $14) 8. Bf4 $5 {After some thought I
have produced a very risky plan alas now I am not satisfied with it.} (8. a4
Bg4 9. Be2 Bxf3 10. Bxf3 Nf6 11. Bf4 Qe7 12. O-O Nbd7 13. Re1 O-O 14. a5 $13 {
is a classical tabiya in this opening and can not be bad.}) 8... b5 9. Qe2 $5
$146 {Here comes my novelty. I wanted to force the knight to step in e7 where
it does not exert pressure on the center.} Ne7 {After this once again we have
a normal position over the board.} (9... Nf6 $2 10. e5 $16) (9... Bg4 $2 10. e5
Bxf3 11. gxf3 dxe5 12. Bxe5 Bxe5 13. Qxe5+ Qe7 14. Qe3 $1 $16) 10. Qd2 $1 {
There starts the queen's dance!Now the knight is placed on e7 white's queen
may visit d2 square.} Bg4 {This was a surprise for me since this move does not
go along well with b5. However in this business of chess every move and every
position should be examined separately!} 11. Be2 (11. a4 $6 b4 12. Nd1 O-O 13.
Ne3 Bxf3 14. gxf3 Nc8 15. Nc4 Nd7 $1 16. Nxd6 Nxd6 17. Bxd6 Ne5 $17) 11... O-O
12. O-O Re8 13. a4 b4 14. Nd1 Nc8 15. Ne3 Bxf3 (15... Bh5 $5 {was absolutely
overlooked by me during the game. When Alex showed me this I was shocked.} 16.
g4 $8 Rxe4 17. Bg5 f6 18. gxh5 fxg5 19. hxg6 hxg6 20. Qc2 Qe7 (20... Qe8 $6 21.
Rae1 b3 22. Qxb3 Rb4 23. Qd3 $16) 21. Rae1 Nd7 22. Bd3 b3 23. Qxb3 Rb4 24. Qd1
g4 25. Nc2 Qf6 26. Nd2 $13) 16. Bxf3 {I have pondered about the other
recapture for some time but did not make much sense.} Nd7 17. Nc4 Ne5 (17...
Ndb6 $6 18. Na5) 18. Bxe5 Bxe5 19. a5 Na7 20. Rae1 Nb5 21. Bd1 {My bishop
belongs to d1 besides I have to move up in the center as fast as I can.} (21.
g3 $6 Nd4 $5 (21... f5 $6 22. exf5 Nd4 23. Qd3 gxf5 24. Bh5 Re7 25. f4 Bf6 26.
Rxe7 Qxe7 27. Kf2 Qf8 28. Re1 Qh6 29. Qd1 Rd8 30. Kg2 b3 31. Re3 Qg7 32. Be8
Qb7 33. Nb6 c4 34. Qh5 Kg7 35. g4 $16) (21... Ra7 22. Kg2 Rae7 23. Bd1 Bd4 $1
$132) 22. Bd1 b3 $1 $40) 21... Ra7 22. f4 Bd4+ 23. Kh1 Rae7 24. Bf3 Kh8 $1 {
I was expecting this. Alex did not even hesitate to play this.} (24... f5 25.
exf5 gxf5 26. Bh5 Rxe1 27. Rxe1 Rxe1+ 28. Qxe1 Nc7 29. Bf3 Qf6 30. Qe2 $14 {
gives more options to white since he has the only breaking attempt with g4.})
25. g4 $6 {I went berserk! Is it an offensive or defensive move noone can say
anything about!} (25. g3 Bg7 (25... f6 26. Kg2 $16) 26. e5 $1 f5 (26... Nd4 $2
27. Qg2 (27. Nxd6 $4 Nxf3 28. Rxf3 Qxd6 29. exd6 Rxe1+ 30. Kg2 R1e2+ $19) 27...
dxe5 28. d6 Re6 29. fxe5 Bxe5 30. Bd5 Bxd6 31. Bxe6 fxe6 32. Rf7 $16) 27. e6
Nd4 28. Qd3 $13) 25... f6 $1 {Now coming g5 is a problem for white.} 26. Kg2 (
26. h4 $2 f5 $1 $40 {is a nasty move to meet.}) (26. Re2 $6 Rg8 $1 $40 (26...
f5 27. gxf5 (27. exf5 gxf5 28. g5 Rxe2 29. Bxe2 Qe7 30. Bh5 Qe4+ 31. Bf3 Qe7
$13) 27... gxf5 28. e5 dxe5 29. fxe5 Bxe5 30. Qg5 Bd4 31. Rxe7 Qxe7 32. Qxf5
Rf8 33. Qh3 $11)) 26... Rg7 27. h4 $8 g5 28. f5 $6 $17 {So as I have said
before white's seemingly offensive set up is tamed but this move was played
due to a miscalculation.} (28. hxg5 fxg5 29. f5 Rf7 $1 (29... h5 $5 30. gxh5 g4
31. Bd1 Qf6 32. h6 Rge7 33. Rf4 $13 {I did not like the looks of this position
but it seems like white can not stand worse.}) (29... Qf6 $6 30. Rh1 Be5 31.
Rh5 (31. Nxe5 Rxe5 32. Rh5) 31... Bf4 32. Qd3 $40) 30. Rh1 Kg7 31. Rh5 h6 32.
Reh1 Rh8 $11) 28... Be5 $2 {Black has a clearly better position most likely a
winning one but he has to keep it fluid.} (28... gxh4 29. Rh1 Be5 30. Rxh4 Nd4
31. Reh1 Kg8 (31... Qe7 32. Bd1 b3 33. R1h3 Rb8 $17) 32. Bd1 Qd7 33. b3 Qe7 34.
Qe3 Nb5 35. Bf3 Na3 $17) 29. h5 Nd4 30. Qd3 Ra7 $6 {Somehow strangely Alex got
too much concerned about his a6 pawn.} (30... b3 $2 31. Nb6 (31. Bd1 Rb7 32.
Nb6 Rxb6 33. axb6 Qxb6 $19) 31... Nc2 (31... Qb8 32. Bd1 Bf4 33. Bxb3 Nxb3 34.
Qxb3 Bd2 35. Qa4 Bxe1 36. Rxe1 Rge7 $11) 32. Rb1 Bd4 (32... Bf4 33. Kh1) 33.
Kh1 $11) (30... Rb7 $1 {White has to be very careful after this.} 31. b3 $1 (
31. Nxe5 Rxe5 32. Qxa6 Qb8 33. Qc4 (33. h6 Ra7) 33... b3 34. a6 (34. Qc3 Rb4
35. a6 Qa7 36. Ra1 Nxf3 37. Rxf3 Rbxe4 38. Kg3 c4 $19) 34... Ra7 $17) 31... Nb5
$1 (31... Rb5 32. Ra1 Nxf3 33. Kxf3 Bxa1 34. Rxa1 $11 {I have seen this one.})
(31... h6 32. Ra1 Nb5 33. Ra2 $11) 32. Rf2 $1 (32. Nb6 $2 Rxb6 33. axb6 Qxb6
$19 {looks absolutely gone for white.}) (32. h6 $2 Na3 33. Nxe5 Rxe5 34. Qxa6
Rb5 $19) 32... Na3 $1 {I have failed to see this great move!} 33. Ra2 Rb5 34.
Be2 Nxc4 35. Qxc4 Bc3 36. Rc1 Rxa5 37. Rcc2 Bd4 38. Bd3 Rxa2 39. Rxa2 a5 40.
Qa6 Qe7 41. Rxa5 Qe5 42. Qc6 Rg8 43. Ra8 $11) 31. Bd1 h6 32. Ba4 Ree7 33. b3
$11 1/2-1/2

[Event "WchT 5th"]
[Site "Yerevan"]
[Date "2001.10.13"]
[Round "2.4"]
[White "Anastasian, Ashot"]
[Black "Stojanovski, Dejan"]
[Result "1-0"]
[WhiteElo "2588"]
[BlackElo "2412"]
[Annotator "Atlas,V"]
[PlyCount "65"]
[EventDate "2001.10.12"]
[EventType "team-tourn"]
[EventRounds "9"]
[EventCountry "ARM"]
[SourceTitle "CBM 086"]
[Source "ChessBase"]
[SourceDate "2002.02.05"]
[SourceVersion "1"]
[SourceVersionDate "2002.02.05"]
[SourceQuality "1"]
[WhiteTeam "Armenia"]
[BlackTeam "Macedonia"]
[WhiteTeamCountry "ARM"]
[BlackTeamCountry "MKD"]

1. Nf3 Nf6 2. d4 c5 3. d5 b5 4. Bg5 Ne4 5. Bh4 Bb7 6. Qd3 f5 7. Nbd2 c4 8. Qd4
Na6 9. c3 Nxd2 10. Qxd2 Qb6 11. Nd4 g6 12. f3 Bg7 13. Bf2 Qa5 14. e4 fxe4 15.
fxe4 O-O 16. Nf3 e6 17. Be2 exd5 18. exd5 b4 19. O-O bxc3 20. bxc3 Qxd5 21.
Qxd5+ Bxd5 22. Rad1 Rae8 23. Rxd5 Rxe2 24. Rxd7 Rxa2 25. Rxa7 Bxc3 26. Rc1 Rxf2
27. Rxc3 Ra2 28. Rxc4 Nb4 29. Rd7 Na6 30. h4 Rf7 31. Rd6 Re7 32. Ng5 Nc7 $4 ({
This natural move loses on the spot. After} 32... Kg7 {Black has good chances
to draw the game.}) (32... Ree2 $2 {was another way to lose the battle:} 33.
Rc8+ Kg7 34. Rd7+ Kf6 35. Rc6+ Ke5 36. Nf7+ (36. Re7+ Kd5 37. Rxa6) 36... Ke4
37. Re7+ Kd5 38. Rd6+ Kc5 39. Rxe2) {[%tqu "En","How can White conclude the
game?","Exploit the exposed position of the black king.","Try to set up the
scene for your knight's strike","c4c7","Correct! Now the game is over.",120]}
33. Rxc7 {[%csl Rc7,Rg7][%cal Gd6d8,Gg5e6,Ge6c7,Ge6g7]} (33. Rd8+ $2 {would be
a wrong choice:} Ne8 34. Rc7 Ree2 (34... Rxc7 $140 35. Rxe8+ Kg7 36. Ne6+ Kf7
37. Nxc7)) (33. Rxc7 {, and Black loses a piece after} Rxc7 34. Rd8+ Kg7 35.
Ne6+) 1-0

[Event "ISR-chT"]
[Site "Ramat Aviv"]
[Date "2000.04.28"]
[Round "9.1"]
[White "Mittelman, Gur"]
[Black "Avrukh, Boris"]
[Result "0-1"]
[WhiteElo "2443"]
[BlackElo "2620"]
[Annotator "Avrukh,B"]
[PlyCount "72"]
[EventDate "2000.01.14"]
[EventType "team"]
[EventRounds "11"]
[EventCountry "ISR"]
[SourceTitle "CBM 077"]
[Source "ChessBase"]
[SourceDate "2000.07.27"]
[SourceVersion "1"]
[SourceVersionDate "2000.07.27"]
[SourceQuality "1"]
[WhiteTeam "Petah Tikva Hapoel"]
[BlackTeam "Beer Sheva"]
[WhiteTeamCountry "ISR"]
[BlackTeamCountry "ISR"]

1. d4 Nf6 2. Nf3 c5 3. d5 b5 4. Bg5 Ne4 5. Bf4 (5. Bh4 {is more popular option
nowadays}) 5... Bb7 (5... b4 $2 6. Qd3 f5 7. Nbd2 e6 8. dxe6 d5 9. Ne5 c4 (9...
Bxe6 10. Qb5+ Nd7 11. Nxe4 fxe4 12. Qc6 $18) 10. Qh3 Nxd2 (10... Qf6) 11. Qh5+
g6 12. Nxg6 $18 {1-0 Volzhin,A-El Ghazali,Y/Cairo EGY 1999 (19)}) (5... d6) 6.
Qd3 f5 $5 $146 {[%mdl 8] Just the same idea,like in famous Kramnik-Topalov
Monako 2000 game,before the game i had a brief look for this position and it
was looking not so bad for black.} (6... Qa5+ 7. Nbd2 (7. c3 Nf6 8. e4 a6 $2 (
8... e6 $142 $5) 9. Nbd2 d6 10. a4 bxa4 11. Nc4 Qc7 12. Rxa4 Nbd7 13. Na5 $16 {
1-0 Dlugy,M-Adamson,R/Las Vegas 1995/EXT 2000 (34)}) 7... Nf6 (7... f5 $6 8. c3
Nf6 9. Qxf5 Bxd5 (9... Nxd5 10. Bxb8 Rxb8 11. Qh5+ g6 12. Qe5 $18) 10. e4 e6
11. Qg5 Nxe4 12. Qh5+ g6 13. Qe5 Nxd2 14. Bxd2 Rg8 15. c4 $18) (7... Nxd2 $5 8.
Bxd2 Qb6 9. e4 $14) 8. e4 c4 9. Qe3 e6 (9... g6 10. Be2 Bg7 11. Nd4 O-O $6 (
11... Qb6 12. c3 $14) 12. a4 Bxd5 $1 13. O-O $1 (13. exd5 $6 Nxd5 14. Qe4 Nxf4
15. Qxf4 e5 16. Qe4 exd4 17. Qxa8 d3 18. cxd3 Bxb2 $13) 13... Bxe4 $1 14. axb5
(14. Nxe4 $2 Nd5 $17) 14... Qb6 15. Nxc4 Qb7 16. Na5 Qb6 17. c4 $1 $16 {
1-0 Gulko,B-Rogers,I/Biel 1993/CBM 37/[Stohl] (40)} (17. Be5 $6 Re8 $1 18. Bxf6
exf6 19. f3 Bh6 $1 $10)) 10. Be2 Na6 (10... Be7 11. O-O exd5 12. Nd4 $1 $40)
11. Nd4 Bc5 12. c3 exd5 13. b4 Bxd4 14. Qxd4 Qb6 15. Qe5+ Qe6 16. a4 bxa4 17.
Rxa4 O-O 18. Qxe6 dxe6 19. O-O $44 {1-0 Lerner,K-De la Riva Aguado,O/Metz FRA
1999 (22)}) 7. Nbd2 c4 8. Qd4 Na6 $6 {The same idea like in Topalov's game.} (
8... Nf6 $142 $1 {This move was much to the point and this is the difference
with Bh4-line in black's favour,that white cannot take on f6 with bishop.} 9.
d6 (9. Nh4 $2 Bxd5 10. Nxf5 Nc6 11. Qe3 e5 $17) (9. Qe5 $6 Bxd5 $1 (9... Nxd5
10. Qxf5 g6 11. Qe5 Rg8 12. Ne4 $13) 10. Qxf5 e6 11. Qg5 Nc6 $15 12. e4 $140 $2
Nxe4 13. Nxe4 Bxe4 14. Qxb5 Bxf3 15. gxf3 Qf6 $17 {[%cal Gf8b4]}) 9... exd6 (
9... Nc6 $2 10. Qc5 {[%csl Gb5,Gf5]}) 10. Bxd6 Nc6 11. Qc5 Bxd6 12. Qxd6 Qe7
13. Qxe7+ Kxe7 14. e3 $11) 9. c3 (9. Nxe4 $2 fxe4 10. Qxe4 Nb4 11. O-O-O Nxa2+
(11... e6 $5) 12. Kb1 Qa5 $40 {[%csl Gb1]} 13. c3 $140 Qxc3 $1) 9... Nac5 (9...
Nf6 $2 10. d6 $1 (10. Be5 $6 Nc7 (10... Qb6 $2 {[%csl Gd5]} 11. a4 $16) 11. a4
Nfxd5 12. axb5 d6 13. Bg3 $13) 10... exd6 11. a4 Nc7 12. axb5 Bd5 13. Bg5 $1 (
13. Nxc4 $2 Ne6 $19) 13... Be7 (13... Nxb5 14. Qxd5 Nxd5 15. Bxd8 Kxd8 16. e3
$16) 14. e3 Nxb5 15. Qf4 $16) 10. Nxe4 Nxe4 11. g4 $1 (11. Qe5 Nf6 (11... Qb6
12. Nd4 $16) 12. d6 a6 13. dxe7 (13. Nd4 g6) (13. Qxf5 exd6 14. O-O-O Be4 15.
Qg5 Qa5 16. a3 Qa4 $1 17. Ne1 b4 $1 18. cxb4 c3 $40) 13... Bxe7 14. Qxf5 O-O
$32) (11. e3 Rg8 {[%cal Gg7g5]} 12. h4 g6 $13 {[%cal Gf8g7]}) 11... e6 $1 (
11... fxg4 $2 12. Qxe4 gxf3 13. Qxf3 e6 14. Qh5+ g6 15. Qe5 Rg8 16. Bg2 $16) (
11... Nf6 12. gxf5 Bxd5 (12... Nxd5 13. Bg3) 13. Bg2 $16) 12. gxf5 (12. dxe6
dxe6 (12... fxg4 $6 13. exd7+ Qxd7 14. Qe5+ $1 (14. Qxd7+ $2 Kxd7 15. Ne5+ Ke6
$17) 14... Be7 15. Rd1 Qc8 (15... Nd6 16. Rg1 O-O 17. Nd4 $16 {[%cal Gd4e6,
Ge5e6]}) 16. Rg1 Qc5 17. Be3 Qxe5 18. Nxe5 Bd6 19. Bd4 (19. Nxg4 h5 20. Bg2
O-O-O) 19... h5 20. f3 $16) 13. Qe5 Qd5 $11) 12... Bxd5 (12... exf5 $2 13. Qe5+
$16) 13. Bh3 Qf6 14. Qxf6 (14. Be5 $2 Qh6 $17 {[%csl Gh3][%cal Gf8c5]}) 14...
gxf6 15. fxe6 dxe6 16. Nd4 $1 Nc5 $6 (16... e5 $2 17. Nxb5 Bc6 18. Nc7+ Kd8 (
18... Ke7 19. Be3 Rb8 20. O-O-O $18) 19. Ne6+ Ke7 20. Be3 Ng5 21. Bxg5 Bxh1 22.
Be3 $16 {[%csl Gh1][%cal Ge3c5,Gf2f3]}) (16... Ng5 $2 17. Bxg5 Bxh1 18. Bxf6
Rg8 19. O-O-O Bh6+ 20. e3 Bg2 21. Bxe6 Rg6 22. Bh4 $16) (16... Nxc3 17. bxc3
Bxh1 18. Nxe6 Bc6 19. Nc7+ Kf7 20. Nxa8 Bxa8 21. Rd1 $36) (16... Nd6 17. Bxd6
Bxd6 18. f3 f5 19. Rd1 $16 {[%csl Gd5,Gd6][%cal Gd4f5]}) (16... Nxf2 $142 $5
17. Kxf2 Bxh1 18. Rxh1 e5 19. Nxb5 exf4 20. Nc7+ Kf7 21. Nxa8 Bc5+ 22. Kf3 Rxa8
23. Rd1 Rb8 $14 {and black must hold this position easily}) 17. f3 a6 18. O-O-O
Kf7 (18... e5 $2 19. Nf5 $1 $16) 19. Rhg1 $6 (19. e4 $1 Bb7 (19... Nd3+ $140 $2
20. Rxd3 cxd3 21. exd5 e5 22. Be6+ Ke8 23. Nf5 exf4 24. Kd2 $18 {[%csl Ge8]})
20. Nxe6 $1 Nd3+ 21. Rxd3 cxd3 22. Rd1 Bc8 (22... Re8 23. Nc7 Rd8 24. Be6+ Ke7
25. Bf5 $16) 23. Nc7 Rb8 (23... Bxh3 24. Nxa8 $16) 24. Bxc8 Rxc8 25. Rxd3 $16 {
[%csl Ga6]}) (19. Nf5 Rg8 (19... Rd8 20. Ne3) 20. Nh6+ (20. Nd6+ Ke7) 20...
Bxh6 21. Bxh6 $14) 19... Rd8 20. Nxe6 $5 Bxe6 (20... Nxe6 21. Bxe6+ Kxe6 22. e4
Bc5 23. exd5+ Kf5 24. Rg4 h5 (24... Rhe8 $142 $5 $14) 25. Rh4 Bf2 26. Bg3 $16)
21. Rxd8 Bxh3 22. Ra8 Bd7 23. Kc2 (23. Rd1 Bc6 (23... Ke6 24. Be3 Bh6 25. Rxh8
Bxe3+ 26. Kc2 h6 27. b4 cxb3+ 28. axb3 $14) (23... Bh6 24. Bxh6 Rxa8 25. Be3 $1
Nd3+ 26. exd3 cxd3 27. Rxd3 Be6 $11) 24. Ra7+ Ke6 25. Rc7 Bd5 26. Be3 Na4 27.
Ra7 Bd6 28. Rxa6 Ra8 29. Rxa8 Bxa8 $11) 23... Bf5+ 24. e4 $2 $138 {[%csl Gd3]}
(24. Kc1 $11) 24... Bg6 25. Be3 Nd3 $1 26. Bd4 (26. Rxa6 Be7) 26... Rg8 (26...
Bh5 $5) 27. Rxa6 Be7 28. Rb6 (28. a4 bxa4 29. Rxa4 Rc8 {[%cal Gf6f5]}) 28...
Ra8 29. a3 Bh5 30. Rxb5 $2 $138 (30. Kd2 $8 Ra5 $1 (30... Bxf3 $2 31. Ke3 Bh5
32. Rxb5 Bg6 33. h4 $16) 31. b4 Rxa3 32. Rxb5 Ra2+ 33. Ke3 Rxh2 $15) 30... Bxf3
31. e5 $2 (31. Rb7 $142 Bxe4 $140 $2 (31... Re8 $17 {[%csl Ge4]}) 32. Rg7+ $16)
31... fxe5 32. Bxe5 Bc6 $19 33. Rb8 Nxe5 34. Rxa8 Bxa8 35. b4 Be4+ 36. Kb2 Nd3+
$138 (36... Nd3+ 37. Ka2 Bf6 $19) 0-1

[Event "RUS-ch 53rd"]
[Site "Samara"]
[Date "2000.06.17"]
[Round "1"]
[White "Sergienko, Sergey"]
[Black "Rustemov, Alexander"]
[Result "0-1"]
[WhiteElo "2425"]
[BlackElo "2553"]
[Annotator "Baburin,A"]
[PlyCount "78"]
[EventDate "2000.06.03"]
[EventType "swiss"]
[EventRounds "11"]
[EventCountry "RUS"]
[SourceTitle "CBM 078"]
[Source "ChessBase"]
[SourceDate "2000.10.18"]
[SourceVersion "1"]
[SourceVersionDate "2000.10.18"]
[SourceQuality "1"]

1. d4 g6 2. e4 Bg7 3. Nc3 d6 4. g3 c5 5. d5 Nf6 6. Bg2 O-O 7. Nge2 Na6 8. O-O
Nc7 9. a4 b6 10. h3 Ba6 11. Be3 Rb8 12. Qd2 Re8 13. Rfe1 Nd7 14. f4 Bxe2 $1 {
Black makes room for his pawns on the queenside.} 15. Rxe2 a6 16. Rae1 b5 17.
axb5 Nxb5 (17... axb5) 18. Nd1 Nd4 $1 19. Rf2 a5 20. c3 (20. b3 e6 $5) 20...
Nb3 21. Qe2 a4 22. e5 $2 {White is simply not ready for such an action.} dxe5
23. fxe5 Bxe5 24. Bf4 Bxf4 25. Rxf4 e5 26. Rxa4 f5 27. Ne3 e4 {[%csl Re5,Rg2]
Black shuts down the enemy bishop and gets an excellent square for his knight.}
28. Rf1 Qg5 29. Kh2 Ne5 30. d6 Kh8 31. Rd1 Nf3+ 32. Kh1 (32. Bxf3 $2 exf3 33.
Qxf3 Rxe3 $19) 32... Qxg3 33. Nf1 Qf4 34. d7 Red8 35. Qa6 $2 {Leaving the
dangerous f3-knight alive is simply suicidal!} (35. Bxf3 $142 $1 Qxf3+ 36. Qxf3
exf3 37. Ra7 $1) 35... Kg7 36. Qe6 Kh6 $1 37. Qe7 Nc1 $1 38. b4 Ne2 39. Raa1 {
[%tqu "En","How can Black finish the game?","White's king is in poor shape and
you should use your cavalry to deliver the final blow.","Try to remove White's
knight which controls the g3-square.","f4h2","Simply brilliant - a very neat
finish!",5]} Qh2+ $1 0-1

[Event "GER-ch 68th"]
[Site "Dudweiler"]
[Date "1996.??.??"]
[Round "4"]
[White "Wesseln, Kai"]
[Black "Bangiev, Alexander J"]
[Result "1/2-1/2"]
[WhiteElo "2320"]
[BlackElo "2400"]
[Annotator "Bangiev,A"]
[PlyCount "155"]
[EventDate "1996.11.26"]
[EventType "swiss"]
[EventRounds "9"]
[EventCountry "GER"]
[SourceTitle "CBM 055 Extra"]
[Source "ChessBase"]
[SourceDate "1997.01.01"]
[SourceVersion "1"]
[SourceVersionDate "1997.01.01"]
[SourceQuality "1"]

1. d4 g6 2. Nf3 Bg7 3. Nc3 c5 4. d5 d6 5. e4 Nd7 6. Be2 Bxc3+ $5 {Ein
freiwilliger Abtausch des Bg7, der schon eine aktive Position eingenommen hat.}
7. bxc3 Ngf6 8. O-O $5 {Die frühe Schwächung des Königsflügels eröffnet Weiß
die Möglichkeit, seine Kräfte auf diesem Kampfabschnitt zu aktivieren.  Mit
dem letzten Zug opfert Weiß einen Bauern, um das Spiel im Zentrum zu öffnen.}
Nxe4 9. c4 $6 (9. Bb2 $142 f5 (9... Ndf6 10. c4 O-O 11. h3 (11. Re1 Ng4) (11.
Ne1 Qa5 $5) (11. Bd3 Bg4 12. Qc1 (12. Re1 Ng5) 12... Qa5 13. Qe3) 11... Qa5 (
11... e6 12. Bd3 exd5 13. cxd5) 12. Bd3 Qb4 13. Qc1 $14 (13. Rb1 Nc3 14. Bxc3
Qxc3 15. Re1 Re8)) (9... Nef6 10. c4 O-O 11. Bd3 Re8 12. Re1 b6 13. Qd2 Bb7 14.
Qh6) 10. c4 Ndf6 11. Bd3 O-O) 9... Nc3 10. Qd2 Nxe2+ 11. Qxe2 Nb6 (11... O-O
12. Re1 f6 13. Qxe7 Ne5 14. Qxd8 Nxf3+ 15. gxf3 Rxd8 16. Re7 $13) (11... f6 12.
Re1 Ne5 $5) 12. Bg5 $5 (12. Re1 O-O (12... e5 13. dxe6 fxe6 14. Bh6 Qe7 $13)
13. Qxe7 (13. Bg5 f6 14. Bh6 Rf7 $17) 13... Qxe7 14. Rxe7 Bg4 $15 (14... Nxc4
15. Bh6)) 12... f6 $6 {Eine zweifelhafte Idee.} (12... Rf8 $5 13. Bh6 (13. Rfe1
f6 14. Bf4 Rf7 $15) 13... Rg8 14. Bg5 Bg4 15. Rfe1 Nc8) (12... Bg4 13. Rfe1 Nc8
$15 (13... Bxf3 14. Qxe7+ Qxe7 15. Rxe7+ Kf8 16. gxf3 $13)) 13. Bxf6 Rf8 14.
Bg5 Bg4 15. Rfe1 Rf7 $13 16. Qe4 Bxf3 17. gxf3 Qd7 18. a4 $6 (18. Qh4 $142 $5
Nc8 19. Re6) 18... a5 $5 {Legt den schwachen Pa4 fest, um ihn im weiteren
Verlauf zu gewinnen.} 19. Qh4 Nc8 20. Re6 Ra6 21. Rae1 Kd8 22. Qe4 Qxa4 $5 23.
Bxe7+ Kc7 24. Bh4 $5 Qd7 25. Bg3 a4 $15 26. Qe3 {/\27.Qc5} b6 27. Ra1 Qd8 (
27... Kb7 $142 28. Ra3 (28. Qe2 a3 29. Ra2 g5 $5) 28... b5 29. cxb5 Qxb5 $13)
28. Ra3 Qd7 (28... g5 $5) 29. h4 Kb7 30. Qe2 Ra5 31. Kg2 Ka6 32. Qe3 Ne7 $6 33.
Qc3 (33. Bxd6 Nf5) (33. Rxd6 $5 Nf5 34. Rxd7 Nxe3+ 35. fxe3 Rxd7 36. Be1 $14 (
36. e4 b5 37. cxb5+ Kxb5 $15)) 33... Nc8 34. Qh8 Kb7 35. Qa1 Ra8 36. Rae3 Ra7
37. Qa3 Ra6 38. Qa1 Ra7 39. Ra3 Rf8 40. Qe1 Ka8 41. Qe2 Kb8 42. Kf1 Rd8 43. Kg2
Qb7 44. Qe3 Qd7 45. Qf4 Qg7 46. Qg5 Rdd7 47. c3 Qf8 48. Qc1 Ra5 49. Qa1 Rda7
50. Qe1 Rd7 51. Re8 Qf7 52. Qe6 $6 Kc7 53. Qe4 Re7 $1 54. Rxe7+ Qxe7 55. Qf4
Qd7 56. Qh6 b5 $5 57. cxb5 Nb6 $5 58. Qg5 Nc4 (58... Rxb5 $15) 59. Ra1 a3 60.
h5 $6 gxh5 (60... a2 61. hxg6 hxg6 62. Qxg6 $16) 61. f4 Kb6 (61... Rxb5 $142
62. f5 Rb3 $17) 62. f5 Qf7 63. f6 a2 (63... Rxb5 64. Qf5 Rb3 65. Qe6 $18) 64.
Qf5 Ra7 65. Qe6 Qf8 $2 (65... Kxb5 $1 $15) 66. Qe2 $16 Ra4 67. Rxa2 (67. Qc2
Qa8) (67. Qe7 $1 Qxe7 68. fxe7 Ra8 69. Rxa2 Re8 70. Bh4 $14) 67... Rxa2 68.
Qxa2 Na5 $8 69. Qe2 (69. Bh4 $142 Qg8+ 70. Kf1 Qg4 71. f7 Qd1+ 72. Kg2 Qg4+ 73.
Bg3 Qg7 $1 $10) 69... Qxf6 70. Qe8 $2 (70. Qxh5 $142 Qe7 71. Qg4 $14) 70... h4
$1 71. Bh2 Qg5+ 72. Kh3 (72. Kf1 Qxd5 $17) 72... Qf5+ 73. Kxh4 Qxf2+ 74. Bg3
Qf6+ 75. Kg4 Qg6+ $6 (75... Qxc3 $1 76. Bxd6 Qd4+ 77. Kh3 Qxd5 78. Bg3 (78.
Qb8+ Nb7 $17) 78... h5 $15) 76. Qxg6 hxg6 77. Bxd6 Kxb5 78. Bxc5 (78. Be5 Nb7 (
78... Nc4 $6 79. Kf4) 79. Kf4 Kc4 80. Ke4 g5 $10) 1/2-1/2

[Event "GER-ch 70th"]
[Site "Bremen"]
[Date "1998.11.11"]
[Round "6"]
[White "Bangiev, Alexander J"]
[Black "Kindermann, Stefan"]
[Result "1/2-1/2"]
[WhiteElo "2395"]
[BlackElo "2540"]
[Annotator "Bangiev,A"]
[PlyCount "76"]
[EventDate "1998.11.06"]
[EventType "swiss"]
[EventRounds "9"]
[EventCountry "GER"]
[SourceTitle "CBM 068"]
[Source "ChessBase"]
[SourceDate "1999.02.01"]
[SourceVersion "1"]
[SourceVersionDate "1999.02.01"]
[SourceQuality "1"]

1. e4 g6 2. d4 Bg7 3. Nc3 d6 4. Nf3 Nf6 5. Be2 O-O 6. O-O c5 7. d5 Na6 8. h3
Nc7 9. a4 b6 10. Bf4 Bb7 11. Re1 Qd7 12. Bc4 a6 13. Qd3 Rad8 14. Rad1 Qc8 15.
Qe3 Rfe8 16. Bh6 e6 17. Bxg7 Kxg7 18. dxe6 Nxe6 19. Nd5 Bxd5 20. Bxd5 b5 $146
21. axb5 axb5 22. Qb3 $5 b4 (22... Nxd5 $142 23. Rxd5 (23. exd5 Nc7 24. Qc3+ f6
$132) 23... Nc7 (23... Nf4 24. Rd2 Qc6 25. Ng5 $5 $36) 24. Rdd1 f6 25. Ra1 $36)
23. c3 bxc3 (23... Nxd5 24. exd5 Nf4 25. cxb4 Rxe1+ 26. Rxe1 cxb4 27. Qxb4 Nxd5
28. Qd4+ Nf6 29. b4 $14) 24. Qxc3 Nf4 25. Bc4 Qb7 26. Ng5 $5 {/\27.Nh7} d5 27.
exd5 Rxe1+ 28. Rxe1 N4xd5 29. Bxd5 Qxd5 30. Nxh7 (30. Ne4 Qd4 31. Nxc5 Qxc3 32.
bxc3 Rd2 (32... Rc8 33. Re5 $16) 33. Rc1 Rd5 $14) 30... Qd4 31. Nxf6 Qxf6 (
31... Qxc3 32. Nh5+ Kh6 33. bxc3 Kxh5 34. Re5+ $16) 32. Qc2 (32. Re4 Rd1+ 33.
Kh2 Rd4 $132) (32. Re5 Rd1+ 33. Kh2 Qf4+ 34. Qg3 Qxg3+ 35. Kxg3 Rd2 $132) (32.
Qxf6+ Kxf6 33. b3 Kf5 34. Re3 Rd1+ 35. Kh2 Rd2 36. Kg3 Rc2 37. f4 c4 38. bxc4
Rxc4 39. Re5+ Kf6 $14) 32... c4 33. Re3 (33. Re4 $142 Rb8 34. Re2 $16) 33...
Rd3 34. Qe2 (34. Rxd3 cxd3 35. Qxd3 Qxb2 $14) 34... Qd4 35. Re4 Rd1+ 36. Kh2
Rd2 37. Rxd4 Rxe2 38. Rxc4 Rxb2 $14 1/2-1/2